000 00484nam a2200169Ia 4500
008 090711s9999 xx 000 0 und d
082 _b1116
100 _aकर्णिक हेमंत
245 _aभेदी
260 _bचंद्रमौळी प्रकाशन
_c1998
300 _a176
600 _aकर्णिक हेमंत
630 _aभेदी
700 _aकर्णिक हेमंत
730 _aभेदी
942 _cBOOK
999 _c334033
_d334033